[Event "Cappelle Online Rapid op"]
[Site "Europe Echecs INT"]
[Date "2021.03.06"]
[Round "2"]
[White "Slotala, Richard"]
[Black "Babanin, Gleb"]
[Result "0-1"]
[WhiteElo "1728"]
[BlackElo "2142"]
[PlyCount "94"]
[EventDate "2021.03.06"]
[EventType "swiss (rapid)"]
[EventRounds "9"]
[EventCountry "FRA"]
[SourceTitle "CBM 201 Extra"]
[Source "ChessBase"]
[SourceDate "2021.05.31"]
[SourceVersion "1"]
[SourceVersionDate "2021.05.31"]
[SourceQuality "1"]

1. Nf3 Nf6 2. d4 d5 3. Bf4 c5 4. e3 Nc6 5. c3 Qb6 6. Qc1 Bg4 7. Bd3 Bxf3 8. gxf3 e6 9. Nd2 Rc8 10. Qb1 Nh5 11. Bg3 f5 12. Ke2 Be7 13. dxc5 Bxc5 14. Bxf5 exf5 15. Qxf5 Nxg3+ 16. hxg3 Ne7 17. Qe5 Qf6 18. Qh5+ g6 19. Qh6 Nf5 20. Qh3 Kf7 21. g4 Qa6+ 22. Kd1 Nd6 23. Kc2 d4 24. exd4 Bxd4 25. Rhe1 Nb5 26. Ne4 Bf6 27. g5 Nd4+ 28. Kc1 Nb3+ 29. Kc2 Nxa1+ 30. Rxa1 Qe2+ 31. Kb3 Rhd8 32. Qxh7+ Bg7 33. Qh3 Qb5+ 34. Kc2 Qf5 35. Qg3 Be5 36. Qg2 Rh8 37. Rd1 Rh2 38. Qg4 Qxg4 39. fxg4 Ke7 40. Re1 Rf8 41. Re2 Rf4 42. Kd3 b6 43. b4 Rxg4 44. Nf6 Rh3+ 45. Kc2 Rxg5 46. Ng8+ Kf7 47. Nh6+ Rxh6 0-1

[Event "Cappelle Online Rapid op"]
[Site "Europe Echecs INT"]
[Date "2021.03.06"]
[Round "6"]
[White "Slotala, Richard"]
[Black "Dias Huizar, Alvaro"]
[Result "0-1"]
[WhiteElo "1728"]
[BlackElo "2409"]
[PlyCount "52"]
[EventDate "2021.03.06"]
[EventType "swiss (rapid)"]
[EventRounds "9"]
[EventCountry "FRA"]
[SourceTitle "CBM 201 Extra"]
[Source "ChessBase"]
[SourceDate "2021.05.31"]
[SourceVersion "1"]
[SourceVersionDate "2021.05.31"]
[SourceQuality "1"]

1. Nf3 Nc6 2. d4 d5 3. Bf4 f6 4. e3 Bg4 5. Be2 e6 6. c3 Bd6 7. Nbd2 Nge7 8. h3 Bh5 9. g4 Bg6 10. Nh4 Bf7 11. Ndf3 Bxf4 12. exf4 Qd6 13. Qd2 0-0-0 14. 0-0-0 e5 15. fxe5 fxe5 16. dxe5 Nxe5 17. Nxe5 Qxe5 18. f4 Qf6 19. g5 Qb6 20. Bg4+ Kb8 21. Rhe1 Nc6 22. Nf5 Bg6 23. Nxg7 d4 24. Bf5 dxc3 25. Qxc3 Nb4 26. Bxg6 Nxa2+ 0-1